| 000 | 00969nam a2200313 4500 | ||
|---|---|---|---|
| 001 | 392923 | ||
| 005 | 20260209061245.0 | ||
| 007 | 000 | ||
| 008 | 000 | ||
| 010 | _a 79026258 | ||
| 020 | _a0471053767 | ||
| 040 |
_aUOEL _cDLC _dDLC |
||
| 050 | 0 | 0 |
_aTK7888.3 _b.M93 1980 |
| 082 | 0 | 0 |
_a621.3819/58/3 _219 |
| 100 | 1 |
_aMyers, Glenford J., _d1946- |
|
| 245 | 1 | 0 |
_aDigital system design with LSI bit-slice logic / _cGlenford J. Myers. |
| 260 |
_aNew York : _bWiley, _cc1980. |
||
| 300 |
_axi, 338 p. : _bill. ; _c25 cm. |
||
| 500 | _a"A Wiley-Interscience publication." | ||
| 504 | _aIncludes bibliographical references and index. | ||
| 650 | 0 |
_aElectronic digital computers _xDesign and construction. |
|
| 650 | 0 | _aDigital electronics. | |
| 650 | 0 | _aLogic circuits. | |
| 650 | 0 | _aLogic design. | |
| 650 | 0 |
_aIntegrated circuits _xLarge scale integration. |
|
| 650 | 0 | _aMicroprogramming. | |
| 906 |
_a7 _bcbc _corignew _d1 _eocip _f19 _gy-gencatlg |
||
| 942 |
_2lcc _cBK |
||
| 999 |
_c6313 _d6313 |
||